The Official (ISC)2 Guide to the SSC / (Record no. 35935)

MARC details
000 -LEADER
fixed length control field 00464nam a22001697a 4500
005 - DATE AND TIME OF LATEST TRANSACTION
control field 20240613184654.0
008 - FIXED-LENGTH DATA ELEMENTS--GENERAL INFORMATION
fixed length control field 240613b |||||||| |||| 00| 0 eng d
020 ## - INTERNATIONAL STANDARD BOOK NUMBER
ISBN 9781119207467
082 ## - DEWEY DECIMAL CLASSIFICATION NUMBER
Classification number 005.807
Item number HER-O
100 ## - MAIN ENTRY--AUTHOR
Author Name Hernandez Gordon
245 ## - TITLE STATEMENT
Title The Official (ISC)2 Guide to the SSC /
Statement of responsibility, etc. Gordon Hernandez
260 ## - PUBLICATION, DISTRIBUTION, ETC.
Place of Publication USA:
Name of publisher, distributor, etc. SYBEX;
Date of publication, distribution, etc. 2016.
300 ## - PHYSICAL DESCRIPTION
Pages VII, 902 P .:
500 ## - GENERAL NOTE
General note include index.
650 ## - SUBJECT ADDED ENTRY--TOPICAL TERM
Subject / Department Networking
300 ## - PHYSICAL DESCRIPTION
-- ill;
-- 24 cm.

No items available.

Powered by Koha